Fluoridový technologický postup pro izolaci drahých kovů z odpadních materiálů

Bibliographic Details
Main Authors: Peka, Ivo (Author), Ullrich, Jan (Author)
Format: Article
Language:Czech
PhysicalDescription:Tb. 1. Sch. 2.
Subjects:

MARC

LEADER 00000nab a2200000 a 4500
001 vtls000269369
003 SK-MaSNL
005 20260302213618.0
008 160201c1985 xo 0 cze
015 |a SNBRA19rr/mm-uuuuu 
035 |a CL0279483 
040 |a SNKBUCL  |b slo  |c SNKBUCL  |e AACR2 
041 0 |a cze 
044 |a xo  |c SK 
080 |a 669.21/.23.054.8  |2 1981 
100 1 |a Peka, Ivo  |4 aut  |9 939826 
245 1 0 |a Fluoridový technologický postup pro izolaci drahých kovů z odpadních materiálů  |c Ivo Peka, Jan Ullrich 
300 |b Tb. 1. Sch. 2. 
650 0 7 |a drahé kovy  |2 snkbucl  |9 58396 
650 0 7 |a kovový odpad  |2 snkbucl  |9 74620 
655 7 |a články zo zborníkov  |2 snkbucl  |9 166140 
700 1 |a Ullrich, Jan  |4 aut  |9 939827 
773 0 |t O efektívnom využití drahých kovov v národnom hospodárstve  |d Bratislava : Dom techniky ČSVTS, 1985  |g S. 48-51 
850 |a Slovenská národná knižnica v Martine  |a MTA001 
852 |a SNK  |b KIS3GCP 
958 |a RK 
958 |a CZ 
992 |a RZB 
999 |c 1494218  |d 1496148